000 00321 a2200157 4500
001 161675
020 _a
040 _cMagnum
100 _aFernandes, Luiz
240 1 0 _aEu queria ter um ponei
_lpor
245 1 0 _aEu queria ter um ponei
362 0 _a1899
440 1 _aEdiouro
697 _aIJ/GERAL
942 _cBK
999 _c161675
_d161675